00748cam a2200253 4500001001300000003000400013005001700017008004100034010001700075025002000092040001800112043001200130050001900142082001800161110005800179245002700237260002000264300003100284350001000315500006900325650004200394650004100436999001700477sa 68013797 DLC20260227112625.0080328s1967 ii a s 000 0 eng  asa 68013797  aPL480:I-E-10918 aDLCcDLCdDLC aa-ii---00aHE560.M26bA4500a387.1/0954/822 aMadras Port Trust Board.bPlanning and Research Cell.10aStatistical hand book. a[Madras]c1967. aii, 122 p.billus.c31 cm. a10.00 a"Issued under the authority of the chairman, Madras Port Trust." 0aShippingzIndiazChennaivStatistics. 0aHarborszIndiazChennaivStatistics. c85349d85349